| 000 | 01025nam a2200325Ia 4500 | ||
|---|---|---|---|
| 001 | 57567 | ||
| 003 | CO-BoRNBP | ||
| 005 | 20250711111115.0 | ||
| 007 | ta | ||
| 008 | 141031s9999 ck 000 0 spa d | ||
| 020 | _a9788483465790 | ||
| 040 |
_aCO-BoRNBP _bspa _erda _cCO-BoRNBP |
||
| 084 | _aT REN3 | ||
| 100 | _aRenard, Jules | ||
| 245 | 1 | 0 |
_aPelo de zanahoria _cJules Renard ; traducción y prólogo de Ana María Moix |
| 250 | _a1a edición | ||
| 264 | 1 |
_aBarcelona _bDebolsillo _c2008 |
|
| 300 |
_a222 páginas _bilustraciones en blanco y negro |
||
| 336 |
_atexto _btxt _2rdacontent |
||
| 337 |
_asin mediación _bn _2rdamedia |
||
| 338 |
_avolumen _bnc _2rdacarrier |
||
| 534 | _tPoil de Carotte | ||
| 650 | 0 | 7 |
_aNiños maltratados _vTeatro _2LEMB _961025 |
| 650 | 0 | 7 |
_aVida cotidiana _vTeatro _2LEMB _92275 |
| 650 | 0 | 7 |
_aAdolescentes _vTeatro _2LEMB _961026 |
| 650 | 0 | 0 |
_aTeatro juvenil frances _2LEMB _961027 |
| 650 | 0 | 7 |
_aLiteratura francesa _2LEMB _92630 |
| 700 |
_aMoix, Ana María, _etraductor _924593 |
||
| 942 |
_2loc _cBKINF |
||
| 999 |
_c57567 _d57567 |
||